Scènes de Musiques Actuelles - SMAC - Statistiques

Statistiques générales
  • Ce quiz a été pris 30 fois
  • Le résultat moyen est 43 sur 97
Statistiques - réponses
Ville SMAC % Correct
Nancy (54) l'Autre Canal
86%
Rennes (35) ATM - Ubu / Transmusicales
82%
Reims (51) la Cartonnerie
77%
Dijon (21) la Vapeur
77%
Tourcoing (59) le Grand Mix
77%
Sannois (95) Espace Michel Berger (EMB)
73%
Clermont-Ferrand (63) la Coopérative de Mai
73%
Lille (59) l'Aéronef
73%
la Rochelle (17) la Sirène
73%
Orléans (45) l'Astrolabe
73%
Saint-Etienne (42) le Fil
73%
Ris-Orangis (91) le Plan
73%
Joué-lès-Tours (37) le Temps Machine
73%
Nantes (44) Stéréolux
73%
Saint-Germain-en-Laye (78) la Clef
68%
Caen (14) le Cargö
68%
Nîmes (30) Paloma
68%
Magny-le-Hongre (77) File 7
64%
Amiens (80) la Lune des Pirates
64%
Annecy (74) le Brise-Glace
64%
Angers (49) le Chabada
64%
Nilvange (57) le Gueulard +
64%
Audincourt (25) le Moloco
64%
Mulhouse (68) Noumatrouff
64%
Bourg-en-Bresse (01) la Tannerie
59%
Rouen (76) le 106
59%
Poitiers (86) le Confort Moderne
59%
Bordeaux (33) Théâtre Barbey / Rock School Barbey
59%
Rennes (35) Antipode MJC
55%
Alençon (61) la Luciole
55%
Angoulême (16) la Nef
55%
Biarritz (64) l'Atabal
55%
Saint-Avé (56) l'Echonova
55%
Mérignac (33) le Krakatoa
55%
Feyzin (69) l'Épicerie Moderne
55%
Bourgoin-Jallieu (38) Les Abattoirs
55%
le Havre (76) le Tetris
55%
Saint-Brieuc (22) Bonjour Minuit
50%
Massy (91) Centre Culturel Paul Baillart
50%
Besançon (25) la Rodia
50%
Epinal (88) la Souris Verte
50%
Toulouse (31) le Metronum
50%
les Lilas (93) le Triton
50%
Grenoble (38) la Belle Électrique
45%
Brest (29) la Carène
45%
Romans-sur-Isère (26) la Cordonnerie
45%
Lyon (69) le Marché Gare
45%
Savigny-le-Temple (77) l'Empreinte
45%
la Roche-sur-Yon (85) le Quai M
45%
Chelles (77) les Cuizines
45%
Auxerre (89) le Silex Jazz Club d'Auxerre
45%
Lorient (56) l'Hydrophone
45%
Laval (53) le 6par4
41%
Brainans (39) le Moulin de Brainans
41%
Lyon (69) le Périscope
41%
Cenon (33) le Rocher de Palmer
41%
Saint-Nazaire (44) le VIP
41%
Castres (81) Lo Bolegason
41%
Rambouillet (78) l'Usine à Chapeaux
41%
Châteaulin (29) Run ar Puns
41%
Annonnay (07) SMAC 07 / la Presqu'Île / Cavajazz
41%
le Mans (72) Superforma
41%
Tulle (19) Des Lendemains qui Chantent
36%
Strasbourg (67) Jazzdor
36%
Montluçon (03) le 109
36%
Saint-Lô (50) le Normandy
36%
Lignières (18) les Bains Douches
36%
Saint-Jean-de-Védas (34) Victoire 2
36%
Mâcon (71) la Cave à Musique
32%
Hérouville-Saint-Clair (14) le Big Band Café
32%
Blois (41) le Chato'do
32%
Beauvais (60) l'Ouvre-Boîte
32%
Niort (79) le Camji
27%
Agen (47) le Florida
27%
Tours (37) le Petit Faucheux
27%
Périgueux (24) le Sans-Réserve
27%
Scey-sur-Saône (70) Echo System
23%
Poitiers (86) Jazz à Poitiers / Nage Libre
23%
Marseille (13) le Cabaret Aléatoire
23%
Auch (32) le Cri'Art
23%
Belleville-sur-Meuse (55) Contre-Courant MJC
18%
Creil (60) la Grange à Musique
18%
Vitry-le-François (51) les Bords 2 Scène
18%
Brest (29) les Plages Magnétiques
18%
Talence (33) L'Inconnue
18%
Tarbes (65) la Gespe
14%
Billière (64) l'Ampli
14%
Rodez (12) le Club
14%
le Port (97) le Karbadock
14%
Nantes (44) le Pannonica
14%
Cahors (46) les Docks
14%
Châteaurenard (13) les Passagers du Zinc
14%
Toulon (83) Tandem
14%
Avignon (84) AJMI
9%
Maubec (84) la Gare
9%
Sainte-Croix-Volvestre (09) Art'Cade
0%
Montauban (82) le Rio Grande
0%
Aucun quiz correspondant
Distribution des résultats
% des personnes avec chaque résultat
Percentile par nombre de réponses
Votre historique - résultats
Vous n’avez pas pris ce quiz